000 00960nam a2200253 a 4500
001 000047118
005 20201002053355.0
008 180424s2015 dr a 000 0 spa d
020 _a9789945192407 (v.1)
020 _a9789945192254 (v.2)
020 _a9789945192766 (v.3)
040 _aDO-SdBNP
_bspa
_cBNPHU
082 _axxxx
_bxxxx
100 1 _aMolina Moloon, Andrés
_96595
245 1 0 _aMatemáticas 4 :
_beducación primaria /
_cAndrés Molina Moloon ; ilustración Ruddy Núñez... [et al.].
260 _aSanto Domingo :
_bSantillana,
_c2015.
300 _a3v. :
_bil. ;
_c28 cm.
_e+CD-ROM
490 1 _aProyecto Todos Juntos
500 _aActualización según el nuevo diseño curricular oficial
505 0 _av. 1.
_tLibro de texto --
_gv. 2 .
_tGuía didáctica para el docente --
_gv. 3.
_tcuaderno fichas de actividades.
590 _aInventariado, 2018/VM
700 1 _aNúñez, Ruddy,
_eil.
_923171
830 0 _aProyecto Todos Juntos
_930856
999 _c46606
_d46606